Fr. Conceicao Rodrigues College of Engineering

Quantitative methods for management decisions (Record no. 27972)

MARC details
000 -LEADER
fixed length control field 00312nam a2200133Ia 4500
082 ## - DEWEY DECIMAL CLASSIFICATION NUMBER
Classification number 658.403
Item number COO
100 ## - MAIN ENTRY--PERSONAL NAME
Personal name Cooke/William
245 ## - TITLE STATEMENT
Title Quantitative methods for management decisions
260 ## - PUBLICATION, DISTRIBUTION, ETC.
Name of publisher, distributor, etc. McGraw Hill
Place of publication, distribution, etc. New York
Date of publication, distribution, etc. 1985
300 ## - PHYSICAL DESCRIPTION
Extent 686
546 ## - LANGUAGE NOTE
Language note FRENCH
654 ## - SUBJECT ADDED ENTRY--FACETED TOPICAL TERMS
Focus term Quantitative
942 ## - ADDED ENTRY ELEMENTS (KOHA)
Koha item type BOOK
Holdings
Withdrawn status Lost status Damaged status Not for loan Collection Home library Current library Date acquired Cost, normal purchase price Total Checkouts Full call number Barcode Date last seen Cost, replacement price Price effective from Koha item type
        CRC Fr. Agnel's C.Rodrigues College of Engineering Fr. Agnel's C.Rodrigues College of Engineering 17/03/2023 143.00   658.403 COO 1553 17/03/2023 143.00 17/03/2023 BOOK